Normal view
MARC view
- Institute of Assessors and Internal Verifers
Entry Corporate Name
001 - CONTROL NUMBER
- control field: 6007
003 - CONTROL NUMBER IDENTIFIER
- control field: OSt
005 - DATE AND TIME OF LATEST TRANSACTION
- control field: 20190806150248.0
008 - FIXED-LENGTH DATA ELEMENTS
- fixed length control field: 120112n| aaannaabn |n ana d
040 ## - CATALOGING SOURCE
- Original cataloging agency: OSt
- Transcribing agency: OSt
110 ## - HEADING--CORPORATE NAME
- Corporate name or jurisdiction name as entry element: Institute of Assessors and Internal Verifers
670 ## - SOURCE DATA FOUND
- Source citation: Institute of Assessors and Internal Verifers